000 01359pab a2200169 454500
008 180718b2005 xxu||||| |||| 00| 0 eng d
100 _aBerard, T.J.
245 _aRethinking practices and structures
260 _c2005
300 _ap.196-230.
362 _aJun
520 _aSocial theory remains puzzled by the relation between practices and structures, or the link between `micro' and `macro', Grand theorists including Giddens and Bourdieu have gained distinction for their writings on these questions, trying to marry insights and concerns of a `micro' sociological nature with traditional `macro' structural questions including inequality, power relations, and social reproduction. These theorists arguably fail, however, in their attempts to more social theory beyond traditional dualisms. Relevant but neglected contributions from ethnomethodology are introduced and compared to the work of Giddens and Bourdieu in an attempt to identify and outline an approach to practices and structures that more reliably avoids problems of dualism and reification, and at the same time offers an understanding of structures and their relations to practices that can be much more closely grounded in empirical studies. - Reproduced.
650 _aSocial theory
650 _aSocial structure
773 _aPhilosophy of the Social Sciences
909 _a65175
999 _c65175
_d65175